| 000 | 00901nam a22003137a 4500 | ||
|---|---|---|---|
| 001 | 0000889 | ||
| 003 | KOHA_MİRAKIL | ||
| 005 | 20260207001223.0 | ||
| 007 | ta | ||
| 008 | 081212b2003 tu |||gr||||#0|||1|tur | | ||
| 020 |
_a9754711801 _cYTL13,305 |
||
| 040 |
_aTR-BiSEU _btur _cTR-BiSEU _erda |
||
| 041 | 0 | _atur | |
| 044 | _ctu | ||
| 050 |
_aPE1301 _b.S47 2003 |
||
| 100 | 1 | _aŞerif, Bahire. | |
| 245 | 0 |
_aİngilizcede fiil zamanları/ _cBahire Şerif. |
|
| 264 | 1 |
_aİstanbul : _bFono Açıköğretim Kurumu Yayınları _c2003 |
|
| 300 | _a176 sayfa; 20 cm. | ||
| 336 |
_ametin _btxt _2rdacontent |
||
| 337 |
_aaracısız _bn _2rdamedia |
||
| 338 |
_acilt _bnc _2rdacarrier |
||
| 490 | 0 | _aİngilizce Gramer Dizisi | |
| 650 | 0 |
_aEnglish language--Tense. _93448 |
|
| 650 | 0 |
_aİngiliz dili--Zaman. _93449 |
|
| 830 | 0 |
_aİngilizce Gramer Dizisi _93450 |
|
| 907 | _aDil | ||
| 942 |
_2lcc _cBK |
||
| 999 |
_c884 _d884 |
||